Statistics for 2. Dünya Savaşı Trivia

Click here to take the quiz!

General Stats

  • This quiz has been taken 544 times
  • The average score is 9 of 24

Answer Stats

İpucuCevap% Correct
1 Eylül 1939'da Almanya tarafından işgal edilen ülkePolonya
96%
Alman FührerAdolf Hitler
77%
Rus DiktatörJoseph Stalin
76%
İngiliz Başbakanı (savaşın çoğu için)Winston Churchill
63%
Japon intihar bombacıları için terimKamikaze
61%
İtalyan DuçeBenito Mussolini
58%
"Panzer" kelimesinin Türkçe çevirisiTank
56%
Japon İmparatorHirohito
50%
"Yıldırım savaşı" için Almanca kelimeBlitzkrieg
41%
ABD BaşkanıFranklin D. Roosevelt
39%
Alman hava kuvvetlerinin adıLuftwaffe
31%
En büyük toplama kampıAuschwitz
30%
İngiliz ve Polonyalı kod kırıcılar tarafından kırılan Alman şifreleme makinesiEnigma
28%
ABD nükleer programı{Manhattan} Projesi
27%
İngilizlerin 1940'ta Fransa'yı tahliye ettiği kasabaDunkirk
24%
ABD BaşkanıHarry Truman
19%
Pasifik alanının dönüm noktası{Midway} Savaşı
19%
Şubat 1945'te bombalanan ve 25.000 kişiyi öldüren Alman şehriDresden
16%
İngiliz KralıVI. George
14%
Alman denizaltısı için terimU-Boat
13%
Avrupa Müttefik Yüksek KomutanıDwight Eisenhower
12%
V-E gününde V ne anlama geliyor?Zafer
5%
6 Haziran 1944 için isimD-Günü
4%
7 Aralık 1941, ... yaşayacak bir tarihRezillik
2%

Score Distribution

Percentile by Number Answered

Percent of People with Each Score

Your Score History

You have not taken this quiz